Biblioteca "Ernesto Sabato"
Facultad de Derecho y Ciencias Sociales
Facultad de Lenguas
Universidad Nacional del Comahue

Oxford word skills : super-skills. Advanced (Record no. 577)

MARC details
000 -CABECERA
campo de control de longitud fija 00484cam a22001812a 4500
001 - NÚMERO DE CONTROL
campo de control 000384
003 - IDENTIFICADOR DEL NÚMERO DE CONTROL
campo de control AR-FADEU
008 - DATOS DE LONGITUD FIJA--INFORMACIÓN GENERAL
campo de control de longitud fija 311216n2009####xxu####################dd
100 ## - ENTRADA PRINCIPAL--NOMBRE DE PERSONA
Nombre de persona Gairns, Ruth
245 ## - MENCIÓN DE TÍTULO
Título Oxford word skills : super-skills. Advanced
260 ## - PUBLICACIÓN, DISTRIBUCIÓN, ETC. (PIE DE IMPRENTA)
Nombre del editor, distribuidor, etc. Oxford University
260 ## - PUBLICACIÓN, DISTRIBUCIÓN, ETC. (PIE DE IMPRENTA)
Lugar de publicación, distribución, etc. Oxford
260 ## - PUBLICACIÓN, DISTRIBUCIÓN, ETC. (PIE DE IMPRENTA)
Fecha de publicación, distribución, etc. 2009
546 ## - NOTA DE LENGUA/LENGUAJE
Nota de lengua/lenguaje Inglés
500 ## - NOTA GENERAL
Nota general La Biblioteca posee también el ejemplar del libro de texto
650 ## - PUNTO DE ACCESO ADICIONAL DE MATERIA--TÉRMINO DE MATERIA
Término de materia o nombre geográfico como elemento inicial INGLES-ESTUDIO Y ENSEÑANZA
942 ## - ELEMENTOS DE PUNTO DE ACCESO ADICIONAL (KOHA)
Tipo de ítem Koha MEDIA
Holdings
Estado de retiro Estado de pérdida Estado dañado No para préstamo Localización permanente Ubicación/localización actual Fecha de adquisición Número de inventario Total de préstamos Código de barras Fecha visto por última vez Precio válido a partir de Tipo de ítem Koha
        Biblioteca Ernesto Sabato - FADECS - UNCOMA Biblioteca Ernesto Sabato - FADECS - UNCOMA 06/02/2017 CD397   CD397 06/02/2017 06/02/2017 MEDIA
Facultad de Derecho y Ciencias Sociales | Universidad Nacional del Comahue | Mendoza y Perú General Roca | Río Negro CP (8332) | Patagonia Argentina | Teléfono: 54-0298-4433670 | | Fax: 0298-4432093 | Fax alumnos: 0298-4435700